000 00357nam a2200145Ia 4500
005 20251222152043.0
008 251222s9999||||xx |||||||||||||| ||spa||
020 _a9786124328664
082 _a343.8/A47
100 _aAlva Matteucci, Mario
245 0 _aReforma Tributaria 2016- 2017
250 _a1ra. ed.
264 _bPacĂ­fico Editores
942 _cLIB
999 _c26130
_d26130